000 00757nam a22001935i 4500
001 158745
003 ES-MaACL
005 20230906211309.0
008 970605s1868 fr |||| | fre d
040 _aCLM
_bspa
_cCCPB | SIC
100 1 _aMariano, Rafael.
_9129491
245 1 3 _aLa philosophie contemporaine en Italie
_b: essai de philosophie hégélienne /
_cpar Raphael Mariano.
260 _aParis :
_bGermer Baillière, libraire-éditeur,
_c1868 (
_fImprimerie de E. Martinet)
300 _aVIII, 162, 12 p. ;
_c18 cm.
505 8 _aCon pag. propia catálogo de obras publicadas por G. Baillière
590 1 _aDescripción basada en el ejemplar incompleto de AB-BP.
597 1 _aAntep.
852 _aES-MaACL
_jF-12240
_z-- Enc. pasta española
999 _c158745
_d158745